[Event "Hunan Belt and Road Open 2019"]
[Site "Hunan"]
[Date "2019.08.03"]
[Round "6.26"]
[White "Lei, Tingjie"]
[Black "Gusain, Himal"]
[Result "1/2-1/2"]
[WhiteElo "2505"]
[BlackElo "2407"]
[Annotator "RC"]
[PlyCount "123"]
[EventDate "2019.07.29"]
[EventType "swiss"]
[EventCountry "CHN"]
[SourceTitle "playchess.com"]
[Source "ChessBase"]
[SourceQuality "1"]
[TimeControl "5400+30"]

1. e4 {[%emt 0:00:00]} e5 {[%emt 0:09:38]} 2. Nf3 {[%emt 0:00:00]} Nc6 {[%emt 0:00:08]} 3. Bb5 {[%emt 0:00:00]} a6 {[%emt 0:00:39]} 4. Ba4 {[%emt 0:00:00]} b5 {[%emt 0:01:28]} 5. Bb3 {[%emt 0:00:07]} Na5 {[%emt 0:00:18]} 6. O-O {[%emt 0:05:02]} d6 {[%emt 0:00:31]} 7. d4 {[%emt 0:04:10]} exd4 {[%emt 0:00:12]} 8. Qxd4 {[%emt 0:09:51]} Bb7 {[%emt 0:08:50]} 9. Bg5 {[%emt 0:05:02]} Ne7 {[%emt 0:03:53]} 10. a4 {[%emt 0:13:15]} f6 {[%emt 0:12:17]} 11. Bh4 {[%emt 0:00:27]} Nxb3 {[%emt 0:08:12]} 12. cxb3 {[%emt 0:00:03]} Nc6 {[%emt 0:00:35]} 13. Qe3 {[%emt 0:02:13]} b4 {[%emt 0:00:26]} 14. Nbd2 {[%emt 0:02:06]} Be7 {[%emt 0:00:16]} 15. Rac1 {[%emt 0:13:04]} Qd7 {[%emt 0:03:43]} 16. Rfd1 {[%emt 0:01:50]} O-O {[%emt 0:00:47]} 17. Nd4 {[%emt 0:06:22]} Na5 {[%emt 0:05:28]} 18. Bg3 {[%emt 0:14:04]} Kh8 {[%emt 0:07:30]} 19. Qd3 {[%emt 0:04:51]} Rac8 {[%emt 0:04:53]} 20. Nf5 {[%emt 0:02:19]} Rfe8 {[%emt 0:00:46]} 21. Ne3 {[%emt 0:00:06]} Nc6 {[%emt 0:03:18]} 22. f3 {[%emt 0:03:04]} Red8 {[%emt 0:03:39]} 23. Ndc4 {[%emt 0:01:33]} Qe8 {[%emt 0:01:16]} 24. Nd5 {[%emt 0:00:38]} Bf8 {[%emt 0:01:19]} 25. Qd2 {[%emt 0:01:13]} Ba8 {[%emt 0:00:59]} 26. Nce3 {[%emt 0:00:10]} Qf7 {[%emt 0:02:15]} 27. Bh4 {[%emt 0:07:39]} Ne5 {[%emt 0:02:42]} 28. Bf2 {[%emt 0:01:47]} a5 {[%emt 0:04:31]} 29. Nc4 {[%emt 0:00:24]} Nc6 {[%emt 0:03:35]} 30. Qf4 {[%emt 0:00:53]} Re8 {[%emt 0:00:59]} 31. Nde3 {[%emt 0:00:19]} Bb7 {[%emt 0:00:32]} 32. Qf5 {[%emt 0:00:20]} Ra8 {[%emt 0:00:23]} 33. Qd5 {[%emt 0:00:59]} Qd7 {[%emt 0:00:21]} 34. Rc2 {[%emt 0:00:49]} Nd8 {[%emt 0:02:04]} 35. Qb5 {[%emt 0:01:21]} Bc6 {[%emt 0:01:42]} 36. Qf5 {[%emt 0:00:04]} Qxf5 {[%emt 0:01:59]} 37. Nxf5 {[%emt 0:00:34]} Bd7 {[%emt 0:00:13]} 38. Nfe3 {[%emt 0:00:56]} Nb7 {[%emt 0:01:16]} 39. Nd5 {[%emt 0:00:08]} Rec8 {[%emt 0:00:36]} 40. Nd2 {[%emt 0:01:35]} Nc5 {[%emt 0:00:10]} 41. Bxc5 {[%emt 0:00:07]} dxc5 {[%emt 0:00:04]} 42. Nc4 {[%emt 0:00:03]} Be6 {[%emt 0:00:53]} 43. Rcd2 {[%emt 0:00:09]} Kg8 {[%emt 0:00:39]} 44. g4 {[%emt 0:00:21]} Ra6 {[%emt 0:02:41]} 45. Kf2 {[%emt 0:00:26]} Kf7 {[%emt 0:01:34]} 46. h3 {[%emt 0:01:25]} g5 {[%emt 0:00:37]} 47. e5 {[%emt 0:01:07]} fxe5 {[%emt 0:00:59]} 48. Nxe5+ {[%emt 0:00:08]} Kg7 {[%emt 0:00:08]} 49. Nc4 {[%emt 0:00:16]} Kf7 {[%emt 0:00:58]} 50. f4 {[%emt 0:00:42]} gxf4 {[%emt 0:00:29]} 51. Nxf4 {[%emt 0:00:06]} Bxc4 {[%emt 0:00:13]} 52. bxc4 {[%emt 0:00:42]} Rf6 {[%emt 0:00:07]} 53. Kg3 {[%emt 0:00:40]} Bd6 {[%emt 0:00:20]} 54. Rf1 {[%emt 0:00:38]} Kg8 {[%emt 0:01:57]} 55. g5 {[%emt 0:00:19]} Rf7 {[%emt 0:00:48]} 56. Rdf2 {[%emt 0:00:14]} Re8 {[%emt 0:00:40]} 57. Kg4 {[%emt 0:00:59]} Re4 {[%emt 0:00:12]} 58. b3 {[%emt 0:00:03]} Kg7 {[%emt 0:00:30]} 59. Rf3 {[%emt 0:00:28]} h5+ {[%emt 0:00:23]} 60. Kg3 {[%emt 0:00:06]} h4+ {[%emt 0:00:30]} 61. Kg4 {[%emt 0:00:08]} Rf8 {[%emt 0:00:48]} 62. R3f2 {[%emt 0:01:38]} 1/2-1/2

[Event "Hunan Belt and Road Open 2019"]
[Site "Hunan"]
[Date "2019.08.03"]
[Round "6.27"]
[White "Radovanovic, Mihajlo"]
[Black "Fang, Yan"]
[Result "1/2-1/2"]
[WhiteElo "2500"]
[BlackElo "2424"]
[Annotator "ChessBase"]
[PlyCount "76"]
[EventDate "2019.07.29"]
[EventType "swiss"]
[EventCountry "CHN"]
[SourceTitle "playchess.com"]
[Source "ChessBase"]
[SourceQuality "1"]
[TimeControl "5400+30"]

1. Nf3 {[%emt 0:00:00]} Nf6 {[%emt 0:00:15]} 2. c4 {[%emt 0:00:00]} e6 {[%emt 0:00:15]} 3. Nc3 {[%emt 0:00:01]} d5 {[%emt 0:01:24]} 4. d4 {[%emt 0:00:08]} Be7 {[%emt 0:00:06]} 5. Bg5 {[%emt 0:01:42]} O-O {[%emt 0:00:07]} 6. e3 {[%emt 0:00:11]} Nbd7 {[%emt 0:00:40]} 7. Bd3 {[%emt 0:02:54]} dxc4 {[%emt 0:02:26]} 8. Bxc4 {[%emt 0:00:07]} a6 {[%emt 0:05:00]} 9. Bd3 {[%emt 0:10:04]} c5 {[%emt 0:13:01]} 10. O-O {[%emt 0:02:22]} b5 {[%emt 0:02:09]} 11. Qe2 {[%emt 0:04:48]} Bb7 {[%emt 0:03:04]} 12. Rad1 {[%emt 0:01:37]} Nd5 {[%emt 0:19:27]} 13. Bxe7 {[%emt 0:09:11]} Qxe7 {[%emt 0:00:10]} 14. Nxd5 {[%emt 0:01:29]} Bxd5 {[%emt 0:00:10]} 15. Bb1 {[%emt 0:00:18]} Rac8 {[%emt 0:01:46]} 16. Rfe1 {[%emt 0:01:00]} g6 {[%emt 0:13:25]} 17. e4 {[%emt 0:01:43]} Bb7 {[%emt 0:00:46]} 18. Qd2 {[%emt 0:09:28]} cxd4 {[%emt 0:00:23]} 19. Qxd4 {[%emt 0:00:04]} Nc5 {[%emt 0:03:38]} 20. Qb4 {[%emt 0:04:05]} Rc7 {[%emt 0:04:15]} 21. Ne5 {[%emt 0:11:07]} Na4 {[%emt 0:06:36]} 22. Qd2 {[%emt 0:02:41]} Nb6 {[%emt 0:06:00]} 23. b3 {[%emt 0:07:10]} f6 {[%emt 0:10:08]} 24. Qd6 {[%emt 0:00:13]} Qxd6 {[%emt 0:01:22]} 25. Rxd6 {[%emt 0:00:04]} fxe5 {[%emt 0:01:27]} 26. Rxb6 {[%emt 0:00:05]} Kf7 {[%emt 0:01:55]} 27. Kf1 {[%emt 0:02:50]} Rd8 {[%emt 0:01:41]} 28. Ke2 {[%emt 0:00:06]} Ke7 {[%emt 0:00:16]} 29. Rd1 {[%emt 0:01:50]} Rxd1 30. Kxd1 {[%emt 0:00:01]} Bc8 {[%emt 0:01:31]} 31. a4 {[%emt 0:06:20]} bxa4 {[%emt 0:01:00]} 32. bxa4 {[%emt 0:00:01]} Rb7 {[%emt 0:00:08]} 33. Rxb7+ Bxb7 {[%emt 0:00:01]} 34. Bd3 {[%emt 0:05:24]} a5 {[%emt 0:00:58]} 35. f3 {[%emt 0:02:31]} Bc6 {[%emt 0:00:46]} 36. Bc2 {[%emt 0:00:07]} Kd6 {[%emt 0:00:03]} 37. Kd2 {[%emt 0:00:06]} Kc5 {[%emt 0:00:03]} 38. Kc3 {[%emt 0:00:04]} g5 {[%emt 0:00:16]} 1/2-1/2

[Event "Hunan Belt and Road Open 2019"]
[Site "Hunan"]
[Date "2019.08.03"]
[Round "6.28"]
[White "Lou, Yiping"]
[Black "Xu, Minghui"]
[Result "1/2-1/2"]
[WhiteElo "2489"]
[BlackElo "2401"]
[Annotator "ChessBase"]
[PlyCount "63"]
[EventDate "2019.07.29"]
[EventType "swiss"]
[EventCountry "CHN"]
[SourceTitle "playchess.com"]
[Source "ChessBase"]
[SourceQuality "1"]
[TimeControl "5400+30"]

1. d4 {[%emt 0:00:41]} d5 {[%emt 0:00:00]} 2. c4 {[%emt 0:00:07]} e6 {[%emt 0:00:20]} 3. Nc3 {[%emt 0:00:12]} a6 {[%emt 0:00:27]} 4. e3 {[%emt 0:01:37]} Nf6 {[%emt 0:01:35]} 5. Nf3 {[%emt 0:00:11]} dxc4 {[%emt 0:02:11]} 6. Bxc4 {[%emt 0:01:25]} b5 {[%emt 0:00:39]} 7. Be2 {[%emt 0:00:35]} Bb7 {[%emt 0:03:06]} 8. O-O {[%emt 0:01:51]} c5 {[%emt 0:00:07]} 9. dxc5 {[%emt 0:00:19]} Qxd1 {[%emt 0:03:05]} 10. Rxd1 {[%emt 0:00:04]} Bxc5 {[%emt 0:00:25]} 11. Nd2 {[%emt 0:00:08]} Nc6 {[%emt 0:02:08]} 12. Nde4 {[%emt 0:08:33]} Nxe4 {[%emt 0:02:20]} 13. Nxe4 {[%emt 0:01:02]} Be7 {[%emt 0:00:03]} 14. Nd6+ {[%emt 0:00:41]} Bxd6 {[%emt 0:00:07]} 15. Rxd6 {[%emt 0:00:03]} Ke7 {[%emt 0:03:54]} 16. Rd1 {[%emt 0:00:30]} Rhd8 {[%emt 0:00:41]} 17. Bd2 {[%emt 0:02:08]} Rd7 {[%emt 0:03:30]} 18. Kf1 {[%emt 0:05:20]} Rad8 {[%emt 0:02:31]} 19. Bc3 {[%emt 0:05:13]} Rxd1+ {[%emt 0:01:34]} 20. Bxd1 {[%emt 0:00:07]} f6 {[%emt 0:03:27]} 21. Bf3 {[%emt 0:03:07]} Rb8 {[%emt 0:09:03]} 22. Rc1 {[%emt 0:03:55]} Kd7 {[%emt 0:08:45]} 23. Be4 {[%emt 0:05:16]} b4 {[%emt 0:09:55]} 24. Bd2 {[%emt 0:02:25]} Ne5 {[%emt 0:01:04]} 25. Bb1 {[%emt 0:07:10]} Bc6 {[%emt 0:04:47]} 26. Rd1 {[%emt 0:05:16]} Kc7 {[%emt 0:02:36]} 27. Rc1 {[%emt 0:09:51]} Kd7 {[%emt 0:00:31]} 28. Be1 {[%emt 0:00:47]} h6 {[%emt 0:04:41]} 29. Kg1 {[%emt 0:03:53]} a5 {[%emt 0:02:52]} 30. f3 {[%emt 0:02:09]} Bb5 {[%emt 0:04:53]} 31. Bg3 {[%emt 0:03:56]} Rc8 {[%emt 0:00:28]} 32. Rxc8 {[%emt 0:04:10]} 1/2-1/2

[Event "Hunan Belt and Road Open 2019"]
[Site "Hunan"]
[Date "2019.08.03"]
[Round "6.29"]
[White "Peng, Xiongjian"]
[Black "Zhao, Chenxi"]
[Result "1-0"]
[WhiteElo "2467"]
[BlackElo "2400"]
[Annotator "ChessBase"]
[PlyCount "59"]
[EventDate "2019.07.29"]
[EventType "swiss"]
[EventCountry "CHN"]
[SourceTitle "playchess.com"]
[Source "ChessBase"]
[SourceQuality "1"]
[TimeControl "5400+30"]

1. Nf3 {[%emt 0:00:00]} Nf6 {[%emt 0:00:00]} 2. g3 {[%emt 0:00:00]} g6 {[%emt 0:00:00]} 3. Bg2 {[%emt 0:00:12]} Bg7 {[%emt 0:00:00]} 4. d4 {[%emt 0:00:11]} O-O {[%emt 0:00:00]} 5. O-O {[%emt 0:00:11]} c6 {[%emt 0:00:07]} 6. b3 {[%emt 0:01:11]} d6 {[%emt 0:04:14]} 7. Bb2 {[%emt 0:00:07]} Qa5 {[%emt 0:00:18]} 8. Nbd2 {[%emt 0:00:46]} Qh5 {[%emt 0:00:11]} 9. h4 {[%emt 0:03:13]} c5 {[%emt 0:02:00]} 10. c4 {[%emt 0:02:01]} cxd4 {[%emt 0:01:44]} 11. Nxd4 {[%emt 0:00:36]} Na6 {[%emt 0:01:30]} 12. Re1 {[%emt 0:03:26]} Rd8 {[%emt 0:07:11]} 13. Nf1 {[%emt 0:01:01]} d5 {[%emt 0:06:18]} 14. cxd5 {[%emt 0:00:40]} Nxd5 {[%emt 0:00:59]} 15. e4 {[%emt 0:01:39]} Ndb4 {[%emt 0:03:14]} 16. e5 {[%emt 0:11:30]} Qxd1 {[%emt 0:08:27]} 17. Raxd1 {[%emt 0:01:38]} Nxa2 {[%emt 0:07:07]} 18. f4 {[%emt 0:03:11]} N2b4 {[%emt 0:01:44]} 19. Ne3 {[%emt 0:01:20]} Rb8 {[%emt 0:06:17]} 20. Ba3 {[%emt 0:05:17]} f6 {[%emt 0:02:48]} 21. e6 {[%emt 0:11:59]} f5 {[%emt 0:10:54]} 22. Ndxf5 {[%emt 0:09:09]} Rxd1 {[%emt 0:05:48]} 23. Nxe7+ {[%emt 0:01:26]} Kf8 {[%emt 0:00:06]} 24. Rxd1 {[%emt 0:00:45]} Kxe7 {[%emt 0:00:07]} 25. Nd5+ {[%emt 0:00:53]} Ke8 {[%emt 0:00:05]} 26. Nxb4 {[%emt 0:07:04]} Nxb4 {[%emt 0:01:13]} 27. Bxb4 {[%emt 0:00:06]} Bxe6 {[%emt 0:00:05]} 28. Rc1 {[%emt 0:00:04]} Rc8 {[%emt 0:00:46]} 29. Re1 {[%emt 0:02:10]} Kf7 {[%emt 0:04:13]} 30. Rxe6 {[%emt 0:00:10]} 1-0

[Event "Hunan Belt and Road Open 2019"]
[Site "Hunan"]
[Date "2019.08.03"]
[Round "6.30"]
[White "Lin, Yi"]
[Black "Wang, Yiye"]
[Result "1/2-1/2"]
[WhiteElo "2406"]
[BlackElo "2440"]
[Annotator "NA"]
[PlyCount "48"]
[EventDate "2019.07.29"]
[EventType "swiss"]
[EventCountry "CHN"]
[SourceTitle "playchess.com"]
[Source "ChessBase"]
[SourceQuality "1"]
[TimeControl "5400+30"]

1. d4 {[%emt 0:00:00]} Nf6 {[%emt 0:00:00]} 2. c4 {[%emt 0:00:00]} e6 {[%emt 0:00:14]} 3. g3 {[%emt 0:00:04]} d5 {[%emt 0:00:24]} 4. Nf3 {[%emt 0:00:12]} Be7 {[%emt 0:00:37]} 5. Bg2 {[%emt 0:00:12]} O-O {[%emt 0:00:27]} 6. O-O {[%emt 0:00:46]} dxc4 {[%emt 0:01:07]} 7. Qc2 {[%emt 0:01:07]} b6 {[%emt 0:02:50]} 8. Ne5 {[%emt 0:04:29]} Qxd4 {[%emt 0:02:59]} 9. Bxa8 {[%emt 0:03:55]} Qxe5 {[%emt 0:00:09]} 10. Bf3 {[%emt 0:00:58]} Nd5 {[%emt 0:03:21]} 11. Qxc4 {[%emt 0:02:11]} Ba6 {[%emt 0:01:08]} 12. Qb3 {[%emt 0:04:34]} Nc6 {[%emt 0:14:44]} 13. Qa4 {[%emt 0:04:17]} Bb7 {[%emt 0:05:56]} 14. Rd1 {[%emt 0:05:59]} Bc5 {[%emt 0:05:49]} 15. Nc3 {[%emt 0:05:30]} Nd4 {[%emt 0:07:04]} 16. Bxd5 {[%emt 0:03:26]} exd5 {[%emt 0:01:13]} 17. Be3 {[%emt 0:03:16]} Nxe2+ {[%emt 0:10:58]} 18. Nxe2 {[%emt 0:00:17]} Bxe3 {[%emt 0:00:07]} 19. fxe3 {[%emt 0:01:26]} Qxe3+ {[%emt 0:00:08]} 20. Kf1 {[%emt 0:00:06]} Re8 {[%emt 0:00:35]} 21. Re1 {[%emt 0:04:50]} Qf3+ {[%emt 0:02:11]} 22. Kg1 {[%emt 0:00:06]} Qe3+ {[%emt 0:02:13]} 23. Kf1 {[%emt 0:00:06]} Qf3+ {[%emt 0:03:26]} 24. Kg1 {[%emt 0:00:05]} Qe3+ {[%emt 0:01:05]} 1/2-1/2

[Event "Hunan Belt and Road Open 2019"]
[Site "Hunan"]
[Date "2019.08.03"]
[Round "6.31"]
[White "Xie, Jianjun"]
[Black "Yeoh, Li Tian"]
[Result "0-1"]
[WhiteElo "2417"]
[BlackElo "2528"]
[Annotator "TA"]
[PlyCount "120"]
[EventDate "2019.07.29"]
[EventType "swiss"]
[EventCountry "CHN"]
[SourceTitle "playchess.com"]
[Source "ChessBase"]
[SourceQuality "1"]

{[%evp 14,120,26,0,2,5,23,19,34,27,29,25,64,25,14,23,25,8,9,0,18,18,8,29,19,5,21,33,58,58,39,43,55,33,15,32,43,44,41,29,17,19,14,26,35,14,52,41,45,50,71,71,104,71,71,52,71,22,35,0,71,0,0,-37,-46,-69,-18,-124,-125,-218,-179,-209,-212,-194,-186,-192,-191,-172,-191,-167,-118,-157,-118,-126,-94,-211,-125,-254,-168,-189,-153,-155,-157,-647,-643,-686,-681,-1256,-1235,-1463,-1065,-1537,-1616,-12847,-11204,-12661,-11359,-4947,-1398]} 1. e4 d6 2. d4 Nf6 3. Nc3 g6 4. Nf3 Bg7 5. h3 O-O 6. Be3 a6 7. a4 Nc6 8. d5 Nb4 {B08: Pirc Defence: Classical System} (8... Nb8 9. Bd3 e6 10. dxe6 Bxe6 11. Nd4 d5 12. O-O Nc6 13. Nxc6 bxc6 14. Bd4 dxe4 15. Bxe4 Nxe4 16. Bxg7 Qxd1 17. Rfxd1 Nxf2 18. Bxf8 Nxd1 19. Rxd1 Kxf8 {0-1 (59) Andreikin,D (2712)-Artemiev,V (2697) Moscow 2018}) 9. Bc4 a5 10. O-O c6 $146 {The position is equal.} ({Predecessor:} 10... e5 11. Re1 h6 12. Qd2 Kh7 13. Rad1 Ng8 14. Nh2 f5 15. exf5 Bxf5 16. Bb3 {1-0 (39) Zhigalko,S (2604)-Tukhaev,A (2527) St Petersburg 2018}) 11. Re1 Qc7 12. Bb3 e5 13. dxe6 Bxe6 14. Bxe6 fxe6 15. e5 dxe5 16. Ng5 Rfe8 (16... Rad8 $5 {[%cal Rd8d1]} 17. Qe2 Rfe8 $11) 17. Nce4 Nfd5 18. Bc5 {And now c3 would win.} Rad8 $1 19. Qe2 b6 {White must now prevent ...Nf4.} (19... Nf4 $5 20. Qc4 $8 Nbd5 $11) 20. Bxb4 axb4 21. Qg4 Qe7 22. a5 {[%mdl 1024] White has compensation.} b5 23. g3 h6 24. Nf3 Qf8 {Hoping for ...h5.} 25. Kg2 Qf5 26. Nh4 {[%mdl 64] Double Attack} Qxg4 27. hxg4 g5 28. Nf3 Ra8 29. Nfd2 Bf8 30. Nb3 Kf7 31. Nec5 Bg7 32. Nd3 Ke7 33. Nbc5 Kd6 34. f3 Ra7 35. Ne4+ Kc7 36. Nec5 Kd6 $1 37. a6 ({White should try} 37. Re4 $16) 37... Kc7 $11 38. Nb7 Kb6 39. Ndc5 Re7 (39... Nf6 $1 $15) 40. Re4 (40. Nd3 $11) 40... Nc7 $1 $17 41. b3 (41. Ree1 $17) 41... Nxa6 $19 42. Rxa6+ Rxa6 43. Nxa6 Kxa6 {[%mdl 4096] Endgame KRB-KRN} 44. Nc5+ Kb6 45. Nd3 c5 46. Nxe5 Kc7 47. Ng6 Re8 48. f4 Kd6 49. f5 (49. Kf3 $17) 49... Kd5 ({Black should play} 49... e5 $19 50. Kf1 Kd5) 50. Kf3 (50. Re2 $17) 50... Bf6 51. Re1 c4 52. Rd1+ Kc5 53. Re1 $2 {[#]} (53. fxe6 $17 Rxe6 54. Nf8) 53... Kd4 $1 {Black is clearly winning.} 54. fxe6 {[#]} Kc3 $1 {[%csl LRb3,LRc2]} 55. Re4 Kxc2 56. bxc4 b3 57. Re2+ Kd1 58. cxb5 b2 59. Rxb2 Bxb2 60. e7 Bf6 {Accuracy: White = 34%, Black = 69%.} 0-1

[Event "Hunan Belt and Road Open 2019"]
[Site "Hunan"]
[Date "2019.08.03"]
[Round "6.32"]
[White "Xu, Jun"]
[Black "Gan-Erdene, Sugar"]
[Result "1/2-1/2"]
[WhiteElo "2477"]
[BlackElo "2408"]
[Annotator "ChessBase"]
[PlyCount "92"]
[EventDate "2019.07.29"]
[EventType "swiss"]
[EventCountry "CHN"]
[SourceTitle "playchess.com"]
[Source "ChessBase"]
[SourceQuality "1"]
[TimeControl "5400+30"]

1. d4 {[%emt 0:00:00]} Nf6 {[%emt 0:00:00]} 2. c4 {[%emt 0:00:00]} g6 {[%emt 0:00:00]} 3. Nc3 {[%emt 0:00:00]} Bg7 {[%emt 0:00:00]} 4. e4 {[%emt 0:00:01]} d6 {[%emt 0:00:00]} 5. Be2 {[%emt 0:00:14]} O-O {[%emt 0:00:03]} 6. Nf3 {[%emt 0:00:03]} Na6 {[%emt 0:00:47]} 7. O-O {[%emt 0:00:43]} e5 {[%emt 0:00:05]} 8. Be3 {[%emt 0:00:05]} Ng4 {[%emt 0:00:05]} 9. Bg5 {[%emt 0:01:09]} Qe8 {[%emt 0:00:36]} 10. dxe5 {[%emt 0:04:59]} Nxe5 {[%emt 0:00:00]} 11. Nd4 {[%emt 0:07:04]} Nc6 {[%emt 0:00:04]} 12. Ndb5 {[%emt 0:01:25]} f5 {[%emt 0:00:22]} 13. exf5 {[%emt 0:04:55]} Bxf5 {[%emt 0:00:04]} 14. Re1 {[%emt 0:02:29]} Qd7 {[%emt 0:03:06]} 15. Bf3 {[%emt 0:04:14]} Rae8 {[%emt 0:00:26]} 16. Qd2 {[%emt 0:01:08]} Nab4 {[%emt 0:05:39]} 17. Nd5 {[%emt 0:04:58]} Nxd5 {[%emt 0:04:06]} 18. cxd5 {[%emt 0:07:07]} Ne5 {[%emt 0:01:30]} 19. Be2 {[%emt 0:00:08]} Nf7 {[%emt 0:22:05]} 20. Be3 {[%emt 0:01:01]} c6 {[%emt 0:01:47]} 21. dxc6 {[%emt 0:01:01]} bxc6 {[%emt 0:00:04]} 22. Nd4 {[%emt 0:00:22]} Be4 {[%emt 0:00:11]} 23. Bc4 {[%emt 0:06:33]} Kh8 {[%emt 0:21:04]} 24. f3 {[%emt 0:01:56]} Ne5 {[%emt 0:06:32]} 25. Bb3 {[%emt 0:03:32]} Bxf3 {[%emt 0:02:11]} 26. Nxf3 {[%emt 0:15:16]} Rxf3 {[%emt 0:00:17]} 27. Bf4 {[%emt 0:02:00]} Rd3 {[%emt 0:01:55]} 28. Qc2 {[%emt 0:02:58]} Rd4 {[%emt 0:02:29]} 29. Bg3 {[%emt 0:00:36]} d5 {[%emt 0:04:01]} 30. Re3 {[%emt 0:03:35]} Nc4 {[%emt 0:08:50]} 31. Rxe8+ {[%emt 0:00:51]} Qxe8 {[%emt 0:00:04]} 32. Re1 {[%emt 0:10:56]} Qd7 {[%emt 0:06:11]} 33. Bxc4 {[%emt 0:02:42]} Rxc4 {[%emt 0:00:30]} 34. Qb3 {[%emt 0:00:02]} h6 {[%emt 0:01:27]} 35. Be5 {[%emt 0:02:52]} Kh7 {[%emt 0:05:01]} 36. Bxg7 {[%emt 0:01:58]} Qxg7 {[%emt 0:00:04]} 37. Qa3 {[%emt 0:01:58]} c5 {[%emt 0:02:28]} 38. Qf3 {[%emt 0:00:50]} Rd4 {[%emt 0:00:41]} 39. Re6 {[%emt 0:03:57]} c4 {[%emt 0:03:08]} 40. h3 {[%emt 0:01:40]} Rd2 {[%emt 0:01:25]} 41. Rf6 {[%emt 0:01:20]} Kg8 {[%emt 0:00:20]} 42. Qf4 {[%emt 0:00:04]} Rxb2 {[%emt 0:00:40]} 43. Qe5 {[%emt 0:00:33]} Rb1+ {[%emt 0:00:25]} 44. Kh2 {[%emt 0:00:30]} Rb7 {[%emt 0:00:31]} 45. Qxd5+ {[%emt 0:00:22]} Kh7 {[%emt 0:00:03]} 46. Rc6 {[%emt 0:00:34]} Rd7 {[%emt 0:00:24]} 1/2-1/2

[Event "Hunan Belt and Road Open 2019"]
[Site "Hunan"]
[Date "2019.08.03"]
[Round "6.33"]
[White "Li, Yankai"]
[Black "Fang, Yuxiang"]
[Result "1/2-1/2"]
[WhiteElo "2439"]
[BlackElo "2476"]
[Annotator "ChessBase"]
[PlyCount "40"]
[EventDate "2019.07.29"]
[EventType "swiss"]
[EventCountry "CHN"]
[SourceTitle "playchess.com"]
[Source "ChessBase"]
[SourceQuality "1"]
[TimeControl "5400+30"]

1. d4 {[%emt 0:03:01]} d5 {[%emt 0:01:22]} 2. c4 {[%emt 0:00:05]} c6 {[%emt 0:01:13]} 3. cxd5 {[%emt 0:01:06]} cxd5 {[%emt 0:00:22]} 4. Nc3 {[%emt 0:00:02]} Nf6 {[%emt 0:00:39]} 5. Bf4 {[%emt 0:00:05]} Nc6 {[%emt 0:00:43]} 6. Nf3 {[%emt 0:06:14]} Bf5 {[%emt 0:05:21]} 7. e3 {[%emt 0:00:05]} e6 {[%emt 0:00:13]} 8. Bd3 {[%emt 0:00:03]} Bxd3 {[%emt 0:00:40]} 9. Qxd3 {[%emt 0:00:04]} Bd6 {[%emt 0:00:11]} 10. Bxd6 {[%emt 0:00:05]} Qxd6 {[%emt 0:00:07]} 11. O-O {[%emt 0:00:04]} O-O {[%emt 0:00:18]} 12. a3 {[%emt 0:00:03]} Rfc8 {[%emt 0:01:40]} 13. Rac1 {[%emt 0:00:30]} h6 {[%emt 0:02:35]} 14. Nb5 {[%emt 0:00:50]} Qb8 {[%emt 0:00:28]} 15. Nc3 {[%emt 0:00:05]} Qd6 {[%emt 0:00:03]} 16. Nb5 {[%emt 0:00:04]} Qb8 {[%emt 0:00:07]} 17. Nc3 {[%emt 0:00:03]} Qd6 {[%emt 0:00:03]} 18. Nb5 {[%emt 0:00:02]} Qb8 {[%emt 0:00:06]} 19. Nc3 {[%emt 0:00:01]} Qd6 {[%emt 0:00:03]} 20. Nb5 {[%emt 0:00:02]} Qb8 {[%emt 0:00:04]} 1/2-1/2

[Event "Hunan Belt and Road Open 2019"]
[Site "Hunan"]
[Date "2019.08.03"]
[Round "6.34"]
[White "Liu, Guanchu"]
[Black "Lin, Weiguo"]
[Result "1-0"]
[WhiteElo "2449"]
[BlackElo "2408"]
[Annotator "NA"]
[PlyCount "102"]
[EventDate "2019.07.29"]
[EventType "swiss"]
[EventCountry "CHN"]
[SourceTitle "playchess.com"]
[Source "ChessBase"]
[SourceQuality "1"]
[TimeControl "5400+30"]

1. e4 {[%emt 0:03:32]} c5 {[%emt 0:00:00]} 2. Nf3 {[%emt 0:00:35]} d6 {[%emt 0:00:00]} 3. d4 {[%emt 0:00:22]} cxd4 {[%emt 0:00:00]} 4. Nxd4 {[%emt 0:00:07]} Nf6 {[%emt 0:00:00]} 5. Nc3 {[%emt 0:00:10]} a6 {[%emt 0:00:00]} 6. Be3 {[%emt 0:00:32]} e5 {[%emt 0:00:06]} 7. Nb3 {[%emt 0:00:29]} Be6 {[%emt 0:01:46]} 8. Qd2 {[%emt 0:00:09]} Be7 {[%emt 0:01:26]} 9. O-O-O {[%emt 0:00:13]} Nbd7 {[%emt 0:03:16]} 10. f4 {[%emt 0:00:09]} Ng4 {[%emt 0:04:08]} 11. g3 {[%emt 0:00:22]} Nxe3 {[%emt 0:01:00]} 12. Qxe3 {[%emt 0:00:13]} O-O {[%emt 0:10:47]} 13. Kb1 {[%emt 0:01:00]} b5 {[%emt 0:18:21]} 14. f5 {[%emt 0:01:51]} Bxb3 {[%emt 0:01:06]} 15. cxb3 {[%emt 0:00:13]} Nb6 {[%emt 0:06:18]} 16. h4 {[%emt 0:01:43]} Qc7 {[%emt 0:02:18]} 17. g4 {[%emt 0:15:51]} Rfc8 {[%emt 0:00:36]} 18. Bd3 {[%emt 0:00:24]} b4 {[%emt 0:01:46]} 19. Nd5 {[%emt 0:02:44]} Nxd5 {[%emt 0:00:02]} 20. exd5 {[%emt 0:00:09]} Qc5 {[%emt 0:10:10]} 21. Qe4 {[%emt 0:01:48]} Qd4 {[%emt 0:03:42]} 22. Qe2 {[%emt 0:02:59]} e4 {[%emt 0:12:36]} 23. Bxe4 {[%emt 0:00:48]} Qe5 {[%emt 0:00:02]} 24. g5 {[%emt 0:00:25]} Re8 {[%emt 0:00:10]} 25. Rhe1 {[%emt 0:05:50]} Qg3 {[%emt 0:02:20]} 26. Rg1 {[%emt 0:21:08]} Qe5 {[%emt 0:04:38]} 27. Rde1 {[%emt 0:00:13]} Qd4 {[%emt 0:01:02]} 28. f6 {[%emt 0:06:02]} Bf8 {[%emt 0:00:18]} 29. Qc2 {[%emt 0:00:07]} Rac8 {[%emt 0:02:41]} 30. Qd3 {[%emt 0:03:49]} Qxd3+ {[%emt 0:02:09]} 31. Bxd3 {[%emt 0:00:09]} a5 {[%emt 0:00:12]} 32. Bc4 {[%emt 0:06:26]} Re5 {[%emt 0:00:28]} 33. Rxe5 {[%emt 0:05:36]} dxe5 {[%emt 0:01:51]} 34. Kc2 {[%emt 0:00:07]} Bd6 {[%emt 0:00:44]} 35. Kd3 {[%emt 0:00:48]} g6 {[%emt 0:01:49]} 36. Bb5 {[%emt 0:02:12]} Rc5 {[%emt 0:02:25]} 37. Bc6 {[%emt 0:01:05]} h6 {[%emt 0:00:03]} 38. a3 {[%emt 0:01:29]} e4+ {[%emt 0:00:34]} 39. Kxe4 {[%emt 0:00:11]} Rc2 {[%emt 0:00:01]} 40. axb4 {[%emt 0:01:24]} Bxb4 {[%emt 0:00:11]} 41. h5 {[%emt 0:01:58]} Bc5 {[%emt 0:01:23]} 42. Rg3 {[%emt 0:00:15]} Bd6 {[%emt 0:00:16]} 43. Rc3 {[%emt 0:00:12]} Re2+ {[%emt 0:01:39]} 44. Kf3 {[%emt 0:06:49]} Re5 {[%emt 0:00:38]} 45. hxg6 {[%emt 0:00:13]} Rxg5 {[%emt 0:00:49]} 46. Bd7 {[%emt 0:00:05]} Rxg6 {[%emt 0:00:35]} 47. Rc8+ {[%emt 0:00:03]} Bf8 {[%emt 0:00:16]} 48. Rc6 {[%emt 0:00:39]} h5 {[%emt 0:00:31]} 49. Bf5 {[%emt 0:00:13]} Rg1 {[%emt 0:05:28]} 50. d6 {[%emt 0:01:51]} Rf1+ {[%emt 0:00:02]} 51. Ke4 {[%emt 0:00:07]} Re1+ {[%emt 0:00:08]} 1-0